Interim HR management

Pojem interim manažér. Využitie interim manažérov v praxi, výhody. Vlastnosti dobrého interim manažéra.

Na minha lista:
Detalhes bibliográficos
Autor principal: Černá, Markéta
Formato: Capítulo de Livro
Idioma:tcheco
Assuntos:
Tags: Adicionar Tag
Sem tags, seja o primeiro a adicionar uma tag!

MARC

LEADER 00000naa$a2200000$$$4500
001 0079331
005 20231113131341.9
041 0 |a cze 
044 |a CZ 
245 1 0 |a Interim HR management  |c Markéta Černá 
520 |a Pojem interim manažér. Využitie interim manažérov v praxi, výhody. Vlastnosti dobrého interim manažéra. 
610 2 0 |a manažment 
610 2 0 |a manažéri 
610 2 0 |a riadenie ľudských zdrojov 
100 1 |a Černá, Markéta